logo

Bir Sreshtho Munshi Abdur Rouf Library
Jhenaidah Cadet College

The Lewis and Clark Expedition : (Record no. 7390)

MARC details
000 -LEADER
fixed length control field 01137cam a2200325 a 4500
001 - CONTROL NUMBER
JCCL Control Number 7390
003 - CONTROL NUMBER IDENTIFIER
JCCL marc code BD-JhCC
005 - DATE AND TIME OF LATEST TRANSACTION
control field 20180208125822.0
008 - FIXED-LENGTH DATA ELEMENTS--GENERAL INFORMATION
fixed length control field 040708s2004 sduab b 001 0 eng
020 ## - INTERNATIONAL STANDARD BOOK NUMBER
International Standard Book Number 0931170826 (pbk. : alk. paper)
035 ## - SYSTEM CONTROL NUMBER
system control number (BD-JhCC)7390
040 ## - CATALOGING SOURCE
Original cataloging agency DLC
Transcribing agency DLC
Modifying agency DLC
-- BD-JhCC
041 ## - LANGUAGE CODE
Language code of Book eng
050 00 - LIBRARY OF CONGRESS CALL NUMBER
Classification number F592.7
Item number .L6925 2004
082 00 - DEWEY DECIMAL CLASSIFICATION NUMBER
Classification number 917.804/2
DDC Edition number 22
Author mark and Year NEU 2004
100 ## - MAIN ENTRY--PERSONAL NAME
Personal name Neuberger, Richard L.
245 04 - TITLE STATEMENT
Title The Lewis and Clark Expedition :
Remainder of title then and now /
Statement of responsibility, etc Richard L. Neuberger
260 ## - PUBLICATION, DISTRIBUTION, ETC. (IMPRINT)
Place of publication, distribution, etc Sioux Falls, SD :
Name of publisher, distributor, etc Center for Western Studies, Augustana College,
Date of publication, distribution, etc 2004.
300 ## - PHYSICAL DESCRIPTION
Pagination xiv, 208 p. :
Other physical details ill., maps ;
Dimensions 23 cm.
440 #0 -
Title Prairie plains series ;
Volume number/sequential designation no. 11
504 ## - BIBLIOGRAPHY, ETC. NOTE
Bibliography, etc Includes bibliographical references (p. 197-202) and index.
600 10 - SUBJECT ADDED ENTRY--PERSONAL NAME
Personal name Lewis, Meriwether,
Dates associated with a name 1774-1809.
600 10 - SUBJECT ADDED ENTRY--PERSONAL NAME
Personal name Clark, William,
Dates associated with a name 1770-1838.
651 #0 - SUBJECT ADDED ENTRY--GEOGRAPHIC NAME
Geographic name West (U.S.)
General subdivision Discovery and exploration.
651 #0 - SUBJECT ADDED ENTRY--GEOGRAPHIC NAME
Geographic name West (U.S.)
General subdivision Description and travel.
700 1# - ADDED ENTRY--PERSONAL NAME
Personal name Kvernes, David.
710 2# - ADDED ENTRY--CORPORATE NAME
Corporate name or jurisdiction name as entry element Augustana College (Sioux Falls, S.D.).
Subordinate unit Center for Western Studies.
942 ## - ADDED ENTRY ELEMENTS (KOHA)
Source of classification or shelving scheme Dewey Decimal Classification
Koha item type Books
Holdings
Source of classification or shelving scheme Damaged status Not for loan Home library Current library Shelving location Total Checkouts Full call number Barcode Date last seen Copy number Koha item type
Dewey Decimal Classification     JCC Rouf Library JCC Rouf Library General Stacks   917.804/2 NEU 2004 10023 02/08/2018 C - 1 Books

JCC Library | Contacts | JCC Home

Last Update on 23 September 2017
Copyright @ 2017-2020 JCC Rouf Library
Rouf Library, Jhenidah Cadet College (JCC), Bangladesh